Estadísticas para Presidentes de Chile

Haz click aquí para tomar la prueba!

Estadísticas generales

  • Esta prueba ha sido tomada 52 veces
  • La puntuación promedio es 19 de 38

Estadísticas de respuestas

PartidoPeríodoPresidente% Correcto
Socialista2014-2018Michelle Bachelet Jeria
90%
Socialista2006-2010Michelle Bachelet Jeria
90%
Socialista1970-1973Salvador Allende Gossens
90%
Militar1973-1990Augusto Pinochet Ugarte
88%
Independiente (RN)2018-Sebastián Piñera
88%
Renovación Nacional2010-2014Sebastián Piñera
88%
Partido por la Democracia2000-2006Ricardo Lagos Escobar
73%
Radical1938-1941Pedro Aguirre Cerda
71%
Democracia Cristiana1964-1970Eduardo Frei Montalva
67%
Militar (Independiente)1952-1958Carlos Ibañez del Campo
63%
Militar1927-1931Carlos Ibáñez del Campo
63%
Liberal1920-1925Arturo Alessandri Palma
57%
Liberal1932-1938Arturo Alessandri Palma
57%
Independiente1826Manuel Blanco Encalada
57%
Conservador1851 – 1861Manuel Montt Torres
57%
Democracia Cristiana1990-1994Patricio Aylwin Azócar
57%
Independiente1958-1964Jorge Alessandri Rodríguez
55%
Democracia Cristiana1994-2000Eduardo Frei Ruiz-Tagle
51%
Liberal1910-1915Ramón Barros Luco
51%
Liberal1886-1891José Manuel Balmaceda
49%
Liberal1876-1881Anibal Pinto Garmendia
45%
Pipiolo1827-1829Francisco Antonio Pinto Díaz
45%
Radical1946-1952Gabriel González Videla
45%
Conservador1841 – 1851Manuel Bulnes Prieto
43%
Radical1942-1946Juan Antonio Ríos
41%
Liberal1896-1901Federico Errázuriz Echaurren
39%
Nacional1906-1910Pedro Montt Montt
35%
Liberal1901-1906Germán Riesco Errázuriz
33%
Independiente1891-1896Jorge Montt Alvarez
33%
Pelucón/Conservador1831 – 1841José Joaquín Prieto Vial
33%
Liberal1881-1886Domingo Santa María
31%
Nacional1871-1876Federico Errázuriz Zañartu
31%
Liberal Democrático1915-1920Juan Luis Sanfuentes
24%
Liberal Democrático1925-1927Emiliano Figueroa Larraín
22%
Radical1927-1931Juan Esteban Montero
22%
Nacional1861-1871José Joaquín Pérez Mascayano
14%
Independiente1826-1827Agustín Eyzaguirre Arechavala
4%
Pelucón1830-1831José Tomás Ovalle
4%

Distribución de puntuación

Porcentaje por número respondido

Porcentaje de gente con cada puntuación

Historial de tus puntuaciones

No has tomado esta prueba